Biochemistry: The Molecular Basis Of Life (Record no. 38305)

MARC details
000 -LEADER
fixed length control field 00529nam a2200193Ia 4500
008 - FIXED-LENGTH DATA ELEMENTS--GENERAL INFORMATION
fixed length control field 220531s9999 xx 000 0 und d
041 ## - LANGUAGE CODE
Language code of text/sound track or separate title eng
082 ## - DEWEY DECIMAL CLASSIFICATION NUMBER
Classification number 572.8
Item number MCK / MCK
100 ## - MAIN ENTRY--PERSONAL NAME
Personal name Mckee, T. / Mckee, J. R.
9 (RLIN) 68147
245 ## - TITLE STATEMENT
Title Biochemistry: The Molecular Basis Of Life
250 ## - EDITION STATEMENT
Edition statement 4th
260 ## - PUBLICATION, DISTRIBUTION, ETC. (IMPRINT)
Place of publication, distribution, etc. New York
Name of publisher, distributor, etc. Oxford University Press
Date of publication, distribution, etc. 2009
300 ## - PHYSICAL DESCRIPTION
Extent 777+I-15
542 ## - INFORMATION RELATING TO COPYRIGHT STATUS
Copyright holder 27-11-2014
551 ## -
-- Science
-- Ugc-SCI
650 ## - SUBJECT ADDED ENTRY--TOPICAL TERM
Topical term or geographic name as entry element Biochemistry
9 (RLIN) 68148
906 ## - LOCAL DATA ELEMENT F, LDF (RLIN)
d 2014-2015
f 3760
Holdings
Withdrawn status Lost status Source of classification or shelving scheme Damaged status Not for loan Collection code Home library Current library Date acquired Vendor Cost, normal purchase price Total Checkouts Total Holds Full call number Barcode Date last seen Bill Date Koha item type Original Barcode
    Dewey Decimal Classification       Shri Siddhivinayak Mahila Mahavidyalaya Shri Siddhivinayak Mahila Mahavidyalaya 24/12/2014 Classic Book 1795.00   1 572.8/MCK / MCK/B/19673 SSMM-BK-19673 06/08/2022 06/08/2022 Books 010019673